000 00755cam a22002412a 4500
001 021176
003 AR-FADEU
005 20180619052841.0
008 311216n1989####xxu####################dd
020 _a950-25-1539-0
040 _cBiblioteca Ernesto Sábato
092 _a361.558 212
_bH666
_eBDT
100 _aHintze, Susana
245 _aEstrategias alimentarias de sobrevivencia (un estudio del caso en el gran Buenos Aires)
260 _aBuenos Aires
260 _bCentro Editor de América Latina
260 _c1989
300 _a2 v
440 _aBiblioteca política argentina
_n 270-271
500 _aTomo 1. Inv. 18545 -- Tomo 2. Inv. 18546
650 _aHAMBRE-ARGENTINA; VILLA MISERIA-BUENOS AIRES/BDT/
942 _cBDT
_2ddc
999 _c32420
_d32420